LIBRARY & INFORMATION CENTRE, KCAET, TAVANUR

ONLINE PUBLIC ACCESS CATALOGUE (OPAC)

Plastic goods manufacturing industries: plastic processing industries / (Record no. 10024)

MARC details
000 -LEADER
fixed length control field 00467cam a2200169ua 4500
003 - CONTROL NUMBER IDENTIFIER
control field OSt
008 - FIXED-LENGTH DATA ELEMENTS--GENERAL INFORMATION
fixed length control field 240203b |||||||| |||| 00| 0 eng d
041 ## - LANGUAGE CODE
Language code of text/sound track or separate title eng
082 ## - DEWEY DECIMAL CLASSIFICATION NUMBER
Classification number 668.4
Item number DHI/PL
100 ## - MAIN ENTRY--AUTHOR NAME
Personal name Dhingra, K C .
245 ## - TITLE STATEMENT
Title Plastic goods manufacturing industries: plastic processing industries /
250 ## - EDITION STATEMENT
Edition statement 23 /
260 ## - PUBLICATION, DISTRIBUTION, ETC. (IMPRINT)
Place of publication :
Name of publisher Small industry research institute ,
Year of publication 1975.
300 ## - PHYSICAL DESCRIPTION
Number of Pages 287 ; .
700 1# - ADDED ENTRY--PERSONAL NAME
Personal name Gupta, D C .
942 ## - ADDED ENTRY ELEMENTS (KOHA)
Koha item type Books
Holdings
Withdrawn status Lost status Damaged status Home library Current library Shelving location Date acquired Full call number Accession Number Koha item type
      KAUAET KAUAET General Stacks 07/04/2012 668.4 DHI/PL 20295 Books
free website counter